000
00292nam a22001337a 4500
008
170824b xxu||||| |||| 00| 0 eng d
020
_a
9780201590814
041
_a
eng
080
_a
51
100
_a
38
101
_a
MAT
245
_a
MATHEMATICS APPLICATION
_c
PORTER.A
942
_2
udc
_c
BK
999
_c
24817
_d
24817